[Event "Challenge"]
[Site "http://www.queenalice.com/game.php?id=1141297"]
[Date "2013.1.16"]
[Round "-"]
[White "Werni"]
[Black "DiamondsKing1"]
[Result "1-0"]
[WhiteElo "2088"]
[BlackElo "1100"]

1. e4 e5 2. Nf3 Nc6 3. d4 exd4 4. Bc4 g6 5. O-O Nf6 6. Re1 Qe7 7. Bg5 h6 8. e5
Qc5 9. Bxf6 Qxc4 10. Bxh8 Qe6 11. Nxd4 Qe7 12. Nc3 a5 13. Nd5 Qd8 14. Nb5 Bd6
15. exd6+ Kf8 16. Nbxc7 Ra7 17. Bf6 1-0

[Event "Challenge"]
[Site "http://www.queenalice.com/game.php?id=1141298"]
[Date "2013.1.16"]
[Round "-"]
[White "DiamondsKing1"]
[Black "Werni"]
[Result "0-1"]
[WhiteElo "1100"]
[BlackElo "2137"]

1. Nc3 Nc6 2. e3 e6 3. d4 d5 4. Bb5 Bd6 5. e4 Ne7 6. Bg5 h6 7. Bh4 Bb4 8. Ne2
dxe4 9. O-O g5 10. Bg3 f5 11. Be5 O-O 12. a4 Nxe5 13. dxe5 Ng6 14. f4 gxf4 15.
Nxf4 Nxe5 16. Bc4 Nxc4 17. b3 Qxd1 18. Rfxd1 Bxc3 19. Rab1 Nd2 20. Rbc1 e3 21.
Re1 Bd4 22. g3 Nf3+ 23. Kf1 Nxe1 24. Rxe1 a5 25. h4 Ra6 26. c4 Kh7 27. Rd1 e5
28. Nd5 Rg6 29. Nxc7 Rxg3 30. Nb5 Rfg8 31. Nxd4 Rg1+ 32. Ke2 Rxd1 33. Kxd1 exd4
34. Ke2 Rg2+ 0-1

[Event "TRUFAS"]
[Site "http://www.queenalice.com/game.php?id=1141364"]
[Date "2013.1.16"]
[Round "-"]
[White "rogeriooliveira"]
[Black "DiamondsKing1"]
[Result "1-0"]
[WhiteElo "1358"]
[BlackElo "1044"]

1. e4 e5 2. d4 Nc6 3. dxe5 Nxe5 4. f4 Ng4 5. h3 N4f6 6. e5 Nd5 7. Nc3 c6 8. Nxd5
cxd5 9. Nf3 f5 10. Nh4 Qxh4+ 11. g3 Qd8 12. Bb5 a6 13. Be2 h5 14. h4 b5 15. Be3
Bb4+ 16. Bd2 Bf8 17. O-O Bc5+ 18. Kg2 Nh6 19. Qc1 Ng4 20. Bxg4 hxg4 21. a3 a5
22. Qe1 O-O 23. b4 Bb6 24. h5 Bd4 25. Rd1 a4 26. Rh1 d6 27. exd6 Qxd6 28. Rh2
Bb7 29. Qh1 1-0

[Event "AUTO-OPEN-2894"]
[Site "http://www.queenalice.com/game.php?id=1143024"]
[Date "2013.1.21"]
[Round "1"]
[White "bmax1968"]
[Black "DiamondsKing1"]
[Result "1-0"]
[WhiteElo "2088"]
[BlackElo "1100"]

1. e4 e5 2. Nf3 Nc6 3. d4 exd4 4. Nxd4 d5 5. Nxc6 bxc6 6. exd5 cxd5 7. Bb5+ Bd7
8. Qxd5 Nf6 9. Bxd7+ Qxd7 10. Qxa8+ Qd8 11. Qxa7 Qd6 12. Nc3 g5 13. Nb5 Qe5+ 14.
Qe3 Ne4 15. Nxc7+ Qxc7 16. Qxe4+ Qe7 17. Qxe7+ Bxe7 18. a4 h5 19. a5 O-O 20. a6
Bc5 21. Be3 Bd6 22. Bxg5 Ra8 23. a7 Bc5 24. Be3 Bxe3 25. fxe3 f5 26. c4 Kf8 27.
Rf1 Ke8 28. Rxf5 Kd8 29. Rxh5 Kc8 30. Rh8+ Kb7 31. Rxa8 Kxa8 32. h4 1-0

[Event "AUTO-OPEN-2894"]
[Site "http://www.queenalice.com/game.php?id=1143025"]
[Date "2013.1.21"]
[Round "1"]
[White "DiamondsKing1"]
[Black "bmax1968"]
[Result "0-1"]
[WhiteElo "1100"]
[BlackElo "2077"]

1. e4 d6 2. Nc3 Nf6 3. Bb5+ c6 4. Ba4 b5 5. Bb3 b4 6. Na4 Nxe4 7. d3 Nf6 8. a3
bxa3 9. Rxa3 e5 10. Bg5 Be7 11. Nc3 O-O 12. h4 Bg4 13. Nf3 e4 14. dxe4 Nbd7 15.
Ra6 Qc7 16. Ba4 Rab8 17. Rxc6 Qb7 18. Qc1 Rbc8 19. Nd4 Nc5 20. Qa1 Nxa4 21. Nxa4
Rxc6 22. Nxc6 Qxc6 23. Nc3 Re8 24. Qa4 Qxa4 25. Nxa4 Nxe4 26. O-O Bxg5 27. hxg5
Nxg5 28. c4 Re4 29. f3 Rxc4 30. b3 Rf4 31. fxg4 Rxf1+ 32. Kxf1 g6 33. b4 h5 34.
gxh5 gxh5 35. g3 Ne4 36. Kg2 Kg7 37. b5 Nc5 38. Nc3 Kg6 39. Nd5 f5 40. Ne7+ Kg5
41. Kf3 Ne6 42. Nc8 Nd4+ 43. Ke3 Nxb5 44. Ne7 a5 45. Nc6 a4 46. Nb4 a3 0-1

[Event "AUTO-OPEN-2894"]
[Site "http://www.queenalice.com/game.php?id=1143048"]
[Date "2013.1.21"]
[Round "1"]
[White "porai"]
[Black "DiamondsKing1"]
[Result "1-0"]
[WhiteElo "1957"]
[BlackElo "1100"]

1. e4 e5 2. Nf3 Nc6 3. Bc4 a5 4. O-O a4 5. a3 Nf6 6. d4 Nxe4 7. dxe5 Ra5 8. Re1
Nc5 9. Qd5 Qe7 10. Bg5 f6 11. exf6 gxf6 12. Qf7+ Kd8 13. Bxf6 h5 14. Bxe7+ Nxe7
15. Nc3 h4 16. Nd5 d6 17. Nxe7 Bxe7 18. Qxe7# 1-0

[Event "AUTO-OPEN-2894"]
[Site "http://www.queenalice.com/game.php?id=1143049"]
[Date "2013.1.21"]
[Round "1"]
[White "DiamondsKing1"]
[Black "porai"]
[Result "0-1"]
[WhiteElo "1100"]
[BlackElo "2005"]

1. e4 e5 2. d4 exd4 3. Qxd4 Nc6 4. Qd1 Nf6 5. Bd3 Be7 6. Nc3 O-O 7. h4 d6 8. h5
Bg4 9. f3 Bxh5 10. g4 Bg6 11. Nh3 a5 12. O-O h5 13. gxh5 Nxh5 14. a4 Bh4 15. f4
Ng3 16. Rf3 Nd4 17. Re3 Qd7 18. Ng5 Bh5 19. Qe1 Qg4 20. Kh2 Nf3+ 21. Rxf3 Bxg5
22. Rxg3 Bxf4 23. Bxf4 Qxf4 24. Ne2 Qe5 25. Rb1 g6 26. Nc3 Kg7 27. Nb5 Rh8 28.
Nxc7 Bf3+ 29. Kg1 Rh1+ 30. Kf2 Rxe1 31. Rxe1 Rc8 32. Nb5 Bh5 33. Rb1 Qf4+ 34.
Kg2 Rxc2+ 35. Bxc2 Qd2+ 36. Kf1 Qxc2 37. Ra1 Qxe4 38. Nxd6 Qf4+ 39. Kg2 Qxd6 0-1

[Event "AUTO-OPEN-2894"]
[Site "http://www.queenalice.com/game.php?id=1143062"]
[Date "2013.1.21"]
[Round "1"]
[White "Pros0dia"]
[Black "DiamondsKing1"]
[Result "1-0"]
[WhiteElo "2096"]
[BlackElo "1100"]

1. e4 e5 2. Nf3 Nc6 3. Bb5 d6 4. c3 a6 5. Ba4 b5 6. Bb3 Nf6 7. d3 Bg4 8. h3 Bh5
9. Bg5 h6 10. Be3 b4 11. Nbd2 g5 12. Ba4 Qd7 13. cxb4 g4 14. hxg4 Bxg4 15. Rc1
Rb8 16. Bxc6 a5 17. Bxd7+ Nxd7 18. Rxc7 Rxb4 19. Rc8+ Ke7 20. Nc4 h5 21. Nxa5
Rxb2 22. Nc6+ Kf6 23. a4 Rb6 24. Bxb6 Nxb6 25. Rb8 Nd7 26. Rb1 Bh6 27. d4 exd4
28. Qxd4+ Kg6 29. Qxh8 Nc5 30. Ne7# 1-0

[Event "AUTO-OPEN-2894"]
[Site "http://www.queenalice.com/game.php?id=1143063"]
[Date "2013.1.21"]
[Round "1"]
[White "DiamondsKing1"]
[Black "Pros0dia"]
[Result "0-1"]
[WhiteElo "1100"]
[BlackElo "2094"]

1. e4 e5 2. d4 exd4 3. Qxd4 Nc6 4. Qd1 Bc5 5. Be3 Bxe3 6. fxe3 Nge7 7. Nc3 d6 8.
Bb5 O-O 9. Nf3 Bd7 10. a4 Ng6 11. a5 Nce5 12. h4 Bxb5 13. Nxb5 Ng4 14. Qd2 N6e5
15. O-O a6 16. Nbd4 Nc4 17. Qc3 Ncxe3 18. Rfe1 d5 19. exd5 Nxd5 20. Qb3 c5 21.
c4 Ndf6 22. Nc2 Qc7 23. g3 Qxg3+ 24. Kf1 Qf2# 0-1

[Event "sotto a chi tocca pivello"]
[Site "http://www.queenalice.com/game.php?id=1149996"]
[Date "2013.2.8"]
[Round "-"]
[White "TRICKYTRAPS83"]
[Black "DiamondsKing1"]
[Result "1-0"]
[WhiteElo "1119"]
[BlackElo "1100"]

1. e4 e5 2. c4 Bb4 3. Qg4 h5 4. Qxg7 Qf6 5. Qg3 d6 6. a3 Qh6 7. axb4 Nc6 8. Qc3
Nf6 9. d3 Qf8 10. f4 h4 11. fxe5 dxe5 12. Nf3 Qxb4 13. Nxe5 Qxc3+ 14. Nxc3 Nxe5
15. Bg5 Nh5 16. Nd5 c6 17. Nc7+ Kd7 18. Nxa8 a6 19. Ra5 Re8 20. d4 Ng6 21. Be2
Nhf4 22. e5 Nxg2+ 23. Kf2 N2f4 24. Bg4+ Ne6 25. d5 1-0